<?xml version="1.0" encoding="UTF-8"?>
<record
    xmlns:xsi="http://www.w3.org/2001/XMLSchema-instance"
    xsi:schemaLocation="http://www.loc.gov/MARC21/slim http://www.loc.gov/standards/marcxml/schema/MARC21slim.xsd"
    xmlns="http://www.loc.gov/MARC21/slim">

  <leader>01801nam a2200253Ia 4500</leader>
  <datafield tag="952" ind1=" " ind2=" ">
    <subfield code="0">0</subfield>
    <subfield code="1">0</subfield>
    <subfield code="2">lcc</subfield>
    <subfield code="4">0</subfield>
    <subfield code="7">0</subfield>
    <subfield code="a">04</subfield>
    <subfield code="b">04</subfield>
    <subfield code="d">2014-03-07</subfield>
    <subfield code="l">17</subfield>
    <subfield code="o">C KGF2981.A42000 A2 2014</subfield>
    <subfield code="p">04 000786</subfield>
    <subfield code="r">2020-03-14</subfield>
    <subfield code="s">2020-03-07</subfield>
    <subfield code="t">1</subfield>
    <subfield code="w">2014-03-07</subfield>
    <subfield code="y">LB</subfield>
  </datafield>
  <datafield tag="952" ind1=" " ind2=" ">
    <subfield code="0">0</subfield>
    <subfield code="1">0</subfield>
    <subfield code="4">0</subfield>
    <subfield code="7">0</subfield>
    <subfield code="a">03</subfield>
    <subfield code="b">03</subfield>
    <subfield code="d">2014-07-04</subfield>
    <subfield code="l">3</subfield>
    <subfield code="o">AV KGF2981.A29 2014</subfield>
    <subfield code="p">03 006542</subfield>
    <subfield code="r">2016-11-05</subfield>
    <subfield code="s">2016-11-05</subfield>
    <subfield code="t">1</subfield>
    <subfield code="w">2014-07-04</subfield>
    <subfield code="y">LB</subfield>
  </datafield>
  <datafield tag="952" ind1=" " ind2=" ">
    <subfield code="0">0</subfield>
    <subfield code="1">0</subfield>
    <subfield code="4">0</subfield>
    <subfield code="7">0</subfield>
    <subfield code="a">03</subfield>
    <subfield code="b">03</subfield>
    <subfield code="d">2014-07-04</subfield>
    <subfield code="l">0</subfield>
    <subfield code="o">AV KGF2981.A29 2014</subfield>
    <subfield code="p">03 006543</subfield>
    <subfield code="r">2014-07-04</subfield>
    <subfield code="t">2</subfield>
    <subfield code="w">2014-07-04</subfield>
    <subfield code="y">LB</subfield>
  </datafield>
  <datafield tag="952" ind1=" " ind2=" ">
    <subfield code="0">0</subfield>
    <subfield code="1">0</subfield>
    <subfield code="2">lcc</subfield>
    <subfield code="4">0</subfield>
    <subfield code="7">0</subfield>
    <subfield code="a">13</subfield>
    <subfield code="b">13</subfield>
    <subfield code="d">2016-11-23</subfield>
    <subfield code="l">0</subfield>
    <subfield code="o">CKGF2981 A29 2014</subfield>
    <subfield code="p">13 004457</subfield>
    <subfield code="r">2016-11-23</subfield>
    <subfield code="t">1</subfield>
    <subfield code="w">2016-11-23</subfield>
    <subfield code="y">LB</subfield>
  </datafield>
  <datafield tag="952" ind1=" " ind2=" ">
    <subfield code="0">0</subfield>
    <subfield code="1">0</subfield>
    <subfield code="2">lcc</subfield>
    <subfield code="4">0</subfield>
    <subfield code="7">0</subfield>
    <subfield code="a">01</subfield>
    <subfield code="b">01</subfield>
    <subfield code="d">2017-01-17</subfield>
    <subfield code="l">7</subfield>
    <subfield code="o">341.4821 M611ae 2014</subfield>
    <subfield code="p">01 007976</subfield>
    <subfield code="r">2017-05-11</subfield>
    <subfield code="s">2017-05-11</subfield>
    <subfield code="t">1</subfield>
    <subfield code="w">2017-01-17</subfield>
    <subfield code="y">LB</subfield>
  </datafield>
  <datafield tag="999" ind1=" " ind2=" ">
    <subfield code="c">93132</subfield>
    <subfield code="d">93132</subfield>
  </datafield>
  <controlfield tag="005">20231102151701.0</controlfield>
  <controlfield tag="008">120626s2014    mx      rl    000 0 s   d</controlfield>
  <datafield tag="020" ind1=" " ind2=" ">
    <subfield code="a">9786074065640</subfield>
  </datafield>
  <datafield tag="050" ind1=" " ind2="4">
    <subfield code="a">AV</subfield>
    <subfield code="b">KGF2981.A29 2014</subfield>
  </datafield>
  <datafield tag="082" ind1=" " ind2=" ">
    <subfield code="a">341.482 </subfield>
    <subfield code="b">M611ac 2014</subfield>
  </datafield>
  <datafield tag="100" ind1=" " ind2=" ">
    <subfield code="a">M&#xE9;xico. Leyes, decretos, etc.</subfield>
  </datafield>
  <datafield tag="245" ind1=" " ind2=" ">
    <subfield code="a">Agenda de los extranjeros</subfield>
  </datafield>
  <datafield tag="250" ind1=" " ind2=" ">
    <subfield code="a">20a. edici&#xF3;n</subfield>
  </datafield>
  <datafield tag="260" ind1=" " ind2=" ">
    <subfield code="a">M&#xE9;xico</subfield>
    <subfield code="b">: Ediciones Fiscales ISEF</subfield>
    <subfield code="c">, 2014</subfield>
  </datafield>
  <datafield tag="300" ind1=" " ind2=" ">
    <subfield code="a">paginaci&#xF3;n var&#xED;a</subfield>
  </datafield>
  <datafield tag="500" ind1=" " ind2=" ">
    <subfield code="a">Contiene las disposiciones publicadas hasta la fecha de impresi&#xF3;n de este producto</subfield>
  </datafield>
  <datafield tag="505" ind1=" " ind2=" ">
    <subfield code="a">Ley de nacionalidad 
Reglamento para la expedici&#xF3;n de certificados de nacionalidad mexicana 
Reglamento de pasaportes y del Documento de Identidad y viaje
Ley general de poblaci&#xF3;n -- 
Reglamento de la Ley general de poblaci&#xF3;n -- 
Reglamento para la operaci&#xF3;n de oficinas estatales y municipales de enlace con la Secretar&#xED;a de Relaciones Exteriores
Ley de Migraci&#xF3;n
Reglamento de la Ley de Migraci&#xF3;n
Ley sobre refugiados y protecci&#xF3;n complementaria
Reglamento de la Ley sobre Refugiados y Protecci&#xF3;n complementaria
Decreto Promulagatorio de la Convenci&#xF3;n sobre el Estatuto de los Refugiados. Firmada en Ginebra
Decreto promulgado de la Convenci&#xF3;n sobre el estatuto de los refugiados firmado en Ginebra
Ley de Inversi&#xF3;n Extranjera
Reglamento de la Ley de Inversi&#xF3;n Extranjera
Ley Federal Anticorrupci&#xF3;n en Contrataciones  P&#xFA;blicas
Ley General de Turismo</subfield>
  </datafield>
  <datafield tag="519" ind1=" " ind2=" ">
    <subfield code="a">Material Complementario / </subfield>
    <subfield code="b">Derecho /</subfield>
    <subfield code="d">(01 007994)</subfield>
  </datafield>
  <datafield tag="519" ind1=" " ind2=" ">
    <subfield code="a">Material Complementario /</subfield>
    <subfield code="d">(04 000786)</subfield>
  </datafield>
  <datafield tag="519" ind1=" " ind2=" ">
    <subfield code="a">Material Complementario / </subfield>
    <subfield code="d">(13 004457)</subfield>
  </datafield>
  <datafield tag="650" ind1="1" ind2="0">
    <subfield code="a">EXTRANJEROS</subfield>
    <subfield code="z">M&#xC9;XICO</subfield>
    <subfield code="v">LEGISLACI&#xD3;N</subfield>
  </datafield>
  <datafield tag="942" ind1=" " ind2=" ">
    <subfield code="c">LB</subfield>
  </datafield>
</record>
